000 00786nam a2200205 i 4500
001 58833
003 ES-MaACL
005 20230906163911.0
007 t|
008 031024s1948 sp |||| | spa d
100 1 _aEchevarría, Julián.
_946551
245 1 0 _aChimberiana
_b: estampas líricas sobre motivos populares de principio de siglo /
_cJulián Echevarría, José Luis Albéniz ; música del maestro Francisco Escudero ; prólogo de Joaquín Zuazagoitia.
260 _a[Bilbao :
_bs.n.,
_c1948] (
_fArt. Gráf. Grijelmo)
300 _a90 p. :
_bil. ;
_c16 cm.
651 4 _aBilbao-
_xUsos y costumbres.
_9168834
700 1 _aAlbéniz, José Luis.
_919262
700 1 _aEscudero, Francisco.
_947681
700 1 _aZuazagoitia, Joaquín de.
_9118382
852 _aES-MaACL
_jD-7981
999 _c58833
_d58833